ARRESTO CARDIACO (OHCA) - Statistics

Statistiche generali
  • Questo quiz è stato fatto 8 volte
  • Il punteggio medio è 6 su 54
Statistiche sulle risposte
Risposta % Corretto
adrenalina
50%
fibrillazione ventricolare e TV senza polso
50%
rapporto 30:2
50%
alternare ruolo
25%
assenza di polso grandi arterie
25%
bifasica
25%
comprimere con forza e rapidità
25%
ecg isoelettrico con asistolia
25%
evitare ventilazione eccessiva
25%
gasping
25%
intubazione endotracheale
25%
ischemia miocardica
25%
monofasica
25%
perdita coscienza
25%
polso e pressione
25%
ridurre interruzioni al minimo
25%
shock ipovolemico-emorragico
25%
shock settico
25%
tamponamento cardiaco
25%
tamponamento cardicaco
25%
10 ventilazioni/min
0%
1-1,5mg/kg poi 0,5
0%
1mg ogni 3-5 min
0%
ACC Primario
0%
ACC secondario
0%
allarme precoce
0%
amiodarone
0%
apnea midriasi
0%
apnea o boccheggiamento agonico (gasping)
0%
aumento improvviso e prolungato PETCO2
0%
bolo da 300mg poi da 150mg
0%
capnografia quantitativa forme d'onda
0%
capnografia quantitativa o capnometria
0%
cardiopatia
0%
cianosi e pallore (anche no)
0%
CPR di qualità
0%
cure avanzate (post resuscitation care)
0%
da asfissia
0%
forme d'onda spontanee pressione arteriosa
0%
idrogenioni (acidosi)
0%
incoscienza o convulsioni
0%
ipo iperpotassemia
0%
ipossia
0%
ipotermia
0%
Ipovolemia
0%
lidocaina
0%
midriasi (anche no)
0%
permettere riespansione toracica
0%
pneumotorace iperteso
0%
riconoscimento precoce
0%
tossici
0%
traumi cerebrali (insufficienza bulbare acuta)
0%
trombosi coronarica
0%
trombosi polmonare
0%
Nessun quiz corrispondente trovato
Distribuzione punteggi
Percentuale di utenti per punteggio
Percentile per numero di risposta
I tuoi punteggi nel tempo
Non hai fatto questo quiz